| 000 | 00522nam a2200169Ia 4500 | ||
|---|---|---|---|
| 003 | SGT | ||
| 020 | _a9788120326341 | ||
| 082 |
_a519.202462 _bJOH |
||
| 100 | _aJohnson,Richard A | ||
| 245 | _aMiller & Freunds Probability and statistics | ||
| 250 | _a7th Ed. | ||
| 260 |
_bPHI Learning Private Limited _aNew Delhi _c2005 |
||
| 300 | _a642p. | ||
| 650 | _aMATHEMATICS ENGINEERING | ||
| 653 | _aTREATMENT OF DATA, PROBABILITY, PROBABILITY DISTRIBUTIONS, PROBABILITY DENSITIES,SAMPLING DISTRIBUTIONS | ||
| 942 |
_2ddc _cBK _05 |
||
| 999 |
_c5227 _d5227 |
||